| 000 | 01094nam a22003497a 4500 | ||
|---|---|---|---|
| 001 | BR0402182 | ||
| 003 | BR-BrBNA | ||
| 005 | 20230928101613.0 | ||
| 007 | ta | ||
| 008 | 230509b bl.||||| |||| 00| 0 por d | ||
| 040 |
_aBR-BrBNA _bpor _cBiblioteca Nacional de Agricultura |
||
| 041 | _a(Por) | ||
| 072 |
_aN20; P33 _b2120 _b4500 |
||
| 090 | _ 2120 BR0402182 | ||
| 100 | 1 | _aKondo, M.K. | |
| 110 | 1 |
_aUniversidade Federal de Lavras, MG (Brasil) _0Tese (Doutorado) |
|
| 245 | 1 | _aVariabilidade espacial do comportamento compressivo do solo e mapas de trafegabilidade na cultura do cafeeiro irrigado | |
| 260 | 3 |
_aLavras, MG (Brasil): _c2003. |
|
| 300 | _a166 p. | ||
| 500 | _aSummaries (Eng, Por); Several bibliography; 87 illus.; 15 tables | ||
| 650 | _aCAFÉ | ||
| 650 | _aMÁQUINA AGRÍCOLA | ||
| 650 | _aSOLO | ||
| 650 | _aLATOSSOLO | ||
| 650 | _aCOMPACTAÇÃO DO SOLO | ||
| 650 | _aUMIDADE DO SOLO | ||
| 650 | _aAGRICULTURA DE PRECISÃO | ||
| 650 | _aRECONHECIMENTO DO SOLO | ||
| 650 | _aANÁLISE ESTATÍSTICA | ||
| 909 |
_a202309 _bLucia _c55 _dLucia Elande |
||
| 942 | _cBK | ||
| 999 |
_c66647 _d66647 |
||